[Event "AUTO-ADV-4555"]
[Site "http://www.queenalice.com/game.php?id=1773732"]
[Date "2021.11.1"]
[Round "1"]
[White "mvson33"]
[Black "rfdc"]
[Result "0-1"]
[WhiteElo "1676"]
[BlackElo "1970"]

1. Nf3 g6 2. d4 Bg7 3. Bf4 e6 4. e3 Ne7 5. Bc4 d6 6. O-O Nbc6 7. a3 O-O 8. Nbd2
f5 9. Ba2 a6 10. c4 Kh8 11. Rc1 e5 12. dxe5 dxe5 13. Bg5 e4 14. Nd4 Nxd4 15.
exd4 Bxd4 16. Rc2 Qe8 17. Nxe4 Nc6 18. Nd2 Be6 19. Nf3 Bg7 20. Re1 Qf7 21. Bd2
Rad8 22. Qe2 Rfe8 23. b3 Nd4 24. Nxd4 Bxd4 25. Qf3 c6 26. h3 Bg7 27. Bg5 Bf6 28.
Bxf6+ Qxf6 29. Rce2 Bf7 30. Rxe8+ Rxe8 31. Rxe8+ Bxe8 32. Qe2 Bf7 33. b4 b5 34.
cxb5 Qa1+ 0-1

[Event "AUTO-ADV-4555"]
[Site "http://www.queenalice.com/game.php?id=1773733"]
[Date "2021.11.1"]
[Round "1"]
[White "rfdc"]
[Black "mvson33"]
[Result "1-0"]
[WhiteElo "1965"]
[BlackElo "1691"]

1. d4 Nf6 2. e3 d5 3. Nf3 Bg4 4. h3 Bh5 5. Be2 Bg6 6. c4 e6 7. Nc3 dxc4 8. Bxc4
Nc6 9. O-O Be7 10. a3 O-O 11. b4 a6 12. Bb2 Ne4 13. Nxe4 Bxe4 14. Nd2 Bg6 15.
Qb3 Bf6 16. Rfd1 Qe7 17. d5 exd5 18. Bxd5 Rad8 19. Bxf6 Qxf6 20. Ne4 Bxe4 21.
Bxe4 Rxd1+ 22. Rxd1 Ne5 23. Bxb7 Rb8 24. Bxa6 g6 25. Be2 c5 26. b5 Qe7 27. a4
Qa7 28. Rd6 Ra8 29. b6 Qb7 30. f4 1-0

[Event "AUTO-ADV-4555"]
[Site "http://www.queenalice.com/game.php?id=1773744"]
[Date "2021.11.1"]
[Round "1"]
[White "askasl159"]
[Black "rfdc"]
[Result "1-0"]
[WhiteElo "1722"]
[BlackElo "1988"]

1. e4 g6 2. b3 Bg7 3. d4 e6 4. Bb2 Ne7 5. Nf3 d6 6. g3 Nbc6 7. Nbd2 O-O 8. Bg2
f5 9. e5 dxe5 10. dxe5 Nxe5 11. Nxe5 Qd6 12. Ndc4 Qxd1+ 13. Rxd1 c6 14. Nd6 Nd5
15. O-O Nb4 16. a3 Nxc2 17. Nxc8 Raxc8 18. Rd2 Nxa3 19. Bxa3 Rfd8 20. Rxd8+ Rxd8
21. Re1 Rd2 22. Nc4 Rd3 23. Re3 Rxe3 24. fxe3 Kf7 25. Nd6+ 1-0

[Event "AUTO-ADV-4555"]
[Site "http://www.queenalice.com/game.php?id=1773745"]
[Date "2021.11.1"]
[Round "1"]
[White "rfdc"]
[Black "askasl159"]
[Result "1/2-1/2"]
[WhiteElo "1962"]
[BlackElo "1594"]

1. d4 d5 2. e3 c5 3. c3 cxd4 4. cxd4 a6 5. Nf3 Nc6 6. Be2 g6 7. O-O Bg7 8. Nc3
e5 9. dxe5 Nge7 10. Qa4 O-O 11. Rb1 Be6 12. Ng5 b5 13. Qh4 h6 14. Nxe6 fxe6 15.
f4 Nf5 16. Qxd8 Raxd8 17. a3 d4 18. exd4 Nfxd4 19. Bd1 Nf5 20. Ne4 Rd7 21. Nc5
Rd5 22. Nxa6 Rfd8 23. Bb3 Rd3 24. Nc5 Ne3 25. Rf3 Rd1+ 26. Bxd1 Rxd1+ 27. Kf2
Ng4+ 28. Kg3 h5 29. Nxe6 Kf7 30. Nxg7 Nd4 31. Rc3 Ne2+ 32. Kh4 Nxc3 33. bxc3
Kxg7 34. Ra1 Rd3 35. Bb2 Nxh2 36. a4 bxa4 37. Rxa4 Ng4 38. Ra7+ Kh6 39. e6 Ne3
40. Kh3 Nc4+ 41. Kh2 Nxb2 42. Rd7 Re3 43. e7 Nc4 44. Rc7 Nd2 45. c4 Nf1+ 46. Kg1
Nd2 47. c5 Nb3 48. c6 Nd4 49. Kf2 Re6 50. g3 Nf5 51. Rd7 Nxe7 52. c7 Nc8 53. Rd8
Nb6 54. Rb8 Rc6 55. Rxb6 Rxc7 56. f5 Rf7 57. Rxg6+ Kh7 58. Rg5 Kh6 59. Rg6+ Kh7
60. Rg5 Kh6 61. Rg6+ 1/2-1/2

[Event "AUTO-ADV-4555"]
[Site "http://www.queenalice.com/game.php?id=1773752"]
[Date "2021.11.1"]
[Round "1"]
[White "rfdc"]
[Black "akleetch"]
[Result "0-1"]
[WhiteElo "1984"]
[BlackElo "1839"]

1. e4 e5 2. Nf3 Nc6 3. Bb5 Nge7 4. Bxc6 Nxc6 5. d3 h6 6. O-O a6 7. c4 Bc5 8. Nc3
d6 9. Nd5 Bg4 10. h3 Bh5 11. g4 Bg6 12. a3 Ne7 13. Nh4 Bh7 14. b4 Bd4 15. Rb1
Nxd5 16. cxd5 Qxh4 17. Kg2 Bg6 18. f4 exf4 19. Bxf4 h5 20. g5 O-O 21. Qc1 Rac8
22. Bg3 Bxe4+ 23. dxe4 Qxe4+ 24. Kh2 Qxd5 25. h4 c5 26. bxc5 Rxc5 27. Qf4 Rc2+
28. Bf2 Be5 29. Qxe5 Qxe5+ 30. Kg1 Qf4 31. Rb4 Qf3 32. Rxb7 Qxb7 33. Kh2 d5 34.
Kh3 Qd7+ 35. Kg3 Qg4+ 36. Kh2 Qxh4+ 37. Kg1 Qxg5+ 38. Kh1 h4 39. Rg1 Qf4 40. Bc5
Qe4+ 41. Rg2 Qxg2# 0-1

[Event "AUTO-ADV-4555"]
[Site "http://www.queenalice.com/game.php?id=1773753"]
[Date "2021.11.1"]
[Round "1"]
[White "akleetch"]
[Black "rfdc"]
[Result "0-1"]
[WhiteElo "1832"]
[BlackElo "1974"]

1. e4 g6 2. d4 Bg7 3. c3 e6 4. Nf3 Ne7 5. Nbd2 d6 6. h3 O-O 7. Bc4 Nbc6 8. O-O
a6 9. Nh2 f5 10. f3 b5 11. Bb3 Kh8 12. Re1 f4 13. d5 exd5 14. exd5 Na5 15. Re2
Bb7 16. Ne4 Nxb3 17. axb3 Nxd5 18. Qd2 Ne3 19. Ng4 Nxg4 20. hxg4 Bxe4 21. Rxe4
Be5 22. Qd3 Qf6 23. b4 Qh4 24. Qd5 h5 25. gxh5 Qxh5 26. Qc6 Qh7 27. Bd2 g5 28.
Ree1 g4 29. Kf2 Qd3 30. Rh1+ Kg8 31. Rad1 g3+ 32. Ke1 Rae8 33. Bxf4 Bxf4+ 0-1

[Event "AUTO-OPEN-4320"]
[Site "http://www.queenalice.com/game.php?id=1773904"]
[Date "2021.11.3"]
[Round "1"]
[White "rfdc"]
[Black "MarcosT"]
[Result "0-1"]
[WhiteElo "1924"]
[BlackElo "2234"]

1. d4 d5 2. e3 Nf6 3. Nf3 e6 4. c4 c6 5. Nc3 Nbd7 6. Be2 Be7 7. O-O O-O 8. c5 b6
9. b4 Bb7 10. h3 bxc5 11. bxc5 Ne4 12. Nxe4 dxe4 13. Nd2 Nf6 14. Qc2 Re8 15.
Nxe4 Nxe4 16. Qxe4 Bf6 17. Bd3 g6 18. Bb2 Rb8 19. Rab1 Ba8 20. f4 Qd5 21. Qxd5
exd5 22. Kf2 Re7 23. Bc3 Rbe8 24. Rb3 Rxe3 25. Ba6 Rxc3 26. Re1 Bxd4+ 27. Kf1
Rxe1+ 28. Kxe1 Rxb3 29. axb3 Bxc5 30. Kd2 Bd6 31. Kc3 Bxf4 32. Kd4 f6 33. Kc5
Kf8 34. b4 Ke7 35. b5 Be3+ 36. Kb4 c5+ 37. Kc3 d4+ 38. Kd3 Bxg2 39. Bc8 f5 40.
h4 Bf1+ 41. Kc2 Be2 0-1

[Event "AUTO-OPEN-4320"]
[Site "http://www.queenalice.com/game.php?id=1773905"]
[Date "2021.11.3"]
[Round "1"]
[White "MarcosT"]
[Black "rfdc"]
[Result "1-0"]
[WhiteElo "2237"]
[BlackElo "1920"]

1. e4 g6 2. d4 Bg7 3. c3 e6 4. Nf3 Ne7 5. Bd3 d6 6. O-O Nbc6 7. Be3 O-O 8. Re1
f5 9. exf5 Nxf5 10. Bg5 Bf6 11. Bxf6 Qxf6 12. Nbd2 Nh4 13. Re3 Bd7 14. Ne4 Qe7
15. Nxh4 Qxh4 16. Rh3 Qf4 17. Qe2 d5 18. Nc5 Qf7 19. Re1 Rae8 20. Rf3 Qe7 21.
Rxf8+ Rxf8 22. Nxb7 Nd8 23. Nc5 Nf7 24. Nxd7 Qxd7 25. Qxe6 Qxe6 26. Rxe6 Nd6 27.
Re7 Nc4 28. Bxc4 dxc4 29. Rxc7 Rb8 30. Rxc4 Rxb2 31. g4 Rxa2 32. d5 Rd2 33. Rc8+
Kg7 34. c4 Kh6 35. h4 Rd4 36. f3 Rf4 37. Kf2 a5 38. d6 Rf7 39. Rc7 Rf8 40. g5+
Kh5 41. Rxh7# 1-0

[Event "AUTO-ADV-4508"]
[Site "http://www.queenalice.com/game.php?id=1775019"]
[Date "2021.11.17"]
[Round "2"]
[White "maurice91"]
[Black "rfdc"]
[Result "1-0"]
[WhiteElo "1766"]
[BlackElo "1963"]

1. d4 g6 2. c4 Bg7 3. Nc3 e6 4. Nf3 Ne7 5. Bg5 O-O 6. e4 d6 7. Bd3 Qd7 8. O-O
Nbc6 9. Bc2 f5 10. Bxe7 Qxe7 11. Re1 fxe4 12. Nxe4 e5 13. d5 Nd8 14. b4 Nf7 15.
Rb1 b6 16. a4 h6 17. Qd3 Bf5 18. Qd2 g5 19. Ng3 Bg4 20. Be4 h5 21. h3 Bxf3 22.
Bxf3 h4 23. Ne4 Bh6 24. Qe2 Nh8 25. c5 Ng6 26. cxd6 cxd6 27. Bg4 Nf4 28. Qd2
Rab8 29. Qc2 Rb7 30. Qc6 Rd8 31. Rbc1 Nd3 32. Qb5 Nxe1 33. Rxe1 Rc8 34. Bxc8 Rc7
35. Be6+ Kg7 36. Qe2 Kg6 37. Qg4 Rc4 38. Qf5+ Kg7 39. Rb1 Rc2 40. Nxg5 Rc4 41.
Qh7+ Kf8 42. Qg8# 1-0

[Event "AUTO-ADV-4508"]
[Site "http://www.queenalice.com/game.php?id=1775020"]
[Date "2021.11.17"]
[Round "2"]
[White "rfdc"]
[Black "maurice91"]
[Result "0-1"]
[WhiteElo "1948"]
[BlackElo "1743"]

1. d4 d5 2. e3 Nf6 3. Nf3 e6 4. c4 c5 5. a3 Nc6 6. Ne5 cxd4 7. exd4 dxc4 8. Nxc6
bxc6 9. Bxc4 Bb7 10. O-O Qc7 11. Nc3 Bd6 12. g3 O-O 13. Bg5 Nd5 14. Qc2 f6 15.
Bd2 Rae8 16. Nxd5 cxd5 17. Bd3 Qxc2 18. Bxc2 e5 19. dxe5 Bxe5 20. Rab1 Bd4 21.
h4 Re2 22. Bb4 Rxc2 23. Bxf8 Kxf8 24. b4 Bc6 25. b5 Bb7 26. Rb3 Bc5 27. Rd3 d4
28. Re1 Bd5 29. Ra1 Be4 30. Rb3 d3 31. Rd1 d2 32. Kf1 Rc1 33. Ke2 Bc2 34. Kxd2
Rxd1+ 35. Kxc2 Rd7 36. a4 Bxf2 37. a5 Kf7 38. b6 axb6 39. axb6 Rb7 40. Kd3 Rxb6
41. Rxb6 Bxb6 42. Ke4 Bf2 43. Kf4 h6 44. h5 Bb6 45. g4 Ke6 46. Ke4 Ba5 47. Kf4
Kf7 48. Ke4 g6 49. hxg6+ Kxg6 50. Kf4 Bd2+ 51. Ke4 Kg5 52. Kf3 h5 53. gxh5 Kxh5
54. Ke4 Kg5 55. Kd3 Ba5 56. Ke4 Kg4 57. Ke3 f5 58. Kf2 f4 59. Kg2 f3+ 60. Kh1
Kf4 61. Kh2 Ke3 62. Kg1 Ke2 63. Kh1 f2 0-1

[Event "AUTO-ADV-4508"]
[Site "http://www.queenalice.com/game.php?id=1775025"]
[Date "2021.11.17"]
[Round "2"]
[White "rfdc"]
[Black "Pin"]
[Result "1-0"]
[WhiteElo "1939"]
[BlackElo "1905"]

1. d4 Nf6 2. e3 g6 3. Nf3 Bg7 4. c4 d5 5. cxd5 Nxd5 6. Bc4 Nb6 7. Bb3 O-O 8. Nc3
Nc6 9. a3 Bg4 10. h3 Bxf3 11. Qxf3 e5 12. dxe5 Nxe5 13. Qxb7 Nd3+ 14. Ke2 Nxc1+
15. Raxc1 Qe7 16. Rc2 Rfb8 17. Qf3 c5 18. Nd5 Nxd5 19. Bxd5 Rxb2 20. Rxb2 1-0

[Event "AUTO-ADV-4508"]
[Site "http://www.queenalice.com/game.php?id=1775026"]
[Date "2021.11.17"]
[Round "2"]
[White "Pin"]
[Black "rfdc"]
[Result "1-0"]
[WhiteElo "1876"]
[BlackElo "1968"]

1. e4 g6 2. d4 Bg7 3. Nf3 e6 4. Nc3 Ne7 5. Be2 d6 6. O-O O-O 7. Be3 Nbc6 8. Qd2
f5 9. Bg5 Qd7 10. Rad1 fxe4 11. Nxe4 Nf5 12. c3 e5 13. dxe5 Nxe5 14. Nxe5 Bxe5
15. Ng3 Nxg3 16. hxg3 Qa4 17. Qd5+ Kh8 18. Bc4 Qc2 19. Bh6 Re8 20. Qf7 Bf5 21.
f4 Bxc3 22. bxc3 Qxc3 23. Rf3 Qb2 24. Bb5 Rg8 25. Bc4 Rge8 26. Rb3 Qxa2 27. Qg7#
1-0

[Event "AUTO-ADV-4508"]
[Site "http://www.queenalice.com/game.php?id=1775027"]
[Date "2021.11.17"]
[Round "2"]
[White "rfdc"]
[Black "Tonto"]
[Result "1-0"]
[WhiteElo "1948"]
[BlackElo "1919"]

1. e4 e5 2. Nf3 d6 3. c4 c5 4. g3 Be7 5. Bg2 Nf6 6. d3 Be6 7. O-O Nc6 8. Nc3 O-O
9. a3 a6 10. Ng5 Bg4 11. f3 Bh5 12. Qe1 Nd4 13. g4 Bg6 14. Nh3 Nc2 15. Qh4 Nxe4
16. g5 Nxc3 17. bxc3 Nxa1 18. f4 Bxd3 19. Rf3 Bxc4 20. f5 Bd5 21. Rg3 Bxg2 22.
Kxg2 Nc2 23. f6 g6 24. Rf3 d5 25. Qh6 1-0

[Event "AUTO-ADV-4508"]
[Site "http://www.queenalice.com/game.php?id=1775028"]
[Date "2021.11.17"]
[Round "2"]
[White "Tonto"]
[Black "rfdc"]
[Result "0-1"]
[WhiteElo "1892"]
[BlackElo "1954"]

1. d4 g6 2. e4 Bg7 3. Nf3 e6 4. e5 Ne7 5. Nc3 O-O 6. Be2 a6 7. Be3 d6 8. exd6
cxd6 9. O-O Nbc6 10. a3 Nf5 11. Bc4 b5 12. d5 Nce7 13. Bd3 exd5 14. Bg5 h6 15.
Bd2 g5 16. h3 Bb7 17. Rb1 d4 18. Ne4 Rc8 19. Nfxg5 hxg5 20. Nxg5 Nh6 21. Qh5 Rc5
22. Qh4 Bd5 23. Nh7 Ng6 24. Bg5 Nxh4 25. Bxd8 Rxd8 26. Rbe1 Bxg2 27. b4 Rc3 28.
Re4 Bxf1 29. Kxf1 N4f5 30. Ng5 Rxa3 31. Rf4 Be5 32. Rf3 Ra1+ 33. Ke2 Rb1 34.
Bxf5 Nxf5 35. Rxf5 f6 36. Ne6 Rc8 37. Kd2 Rb2 38. f4 Rcxc2+ 39. Kd3 Rc3+ 40. Ke4
Re3+ 41. Kd5 d3 42. fxe5 dxe5 43. Rxf6 d2 0-1

[Event "AUTO-OPEN-4331"]
[Site "http://www.queenalice.com/game.php?id=1777581"]
[Date "2021.12.18"]
[Round "1"]
[White "rfdc"]
[Black "PopowskiF"]
[Result "0-1"]
[WhiteElo "1917"]
[BlackElo "2238"]

1. d4 Nf6 2. e3 d6 3. Nf3 g6 4. c4 Bg7 5. Nc3 O-O 6. Be2 Nc6 7. h3 e5 8. d5 Ne7
9. b3 e4 10. Ng5 Nfxd5 11. Bd2 Nxc3 12. Bxc3 Bxc3+ 13. Kf1 Bxa1 14. Qxa1 Bf5 15.
Qf6 Nc6 16. Qxd8 Raxd8 17. h4 Ne5 0-1

[Event "AUTO-OPEN-4331"]
[Site "http://www.queenalice.com/game.php?id=1777582"]
[Date "2021.12.18"]
[Round "1"]
[White "PopowskiF"]
[Black "rfdc"]
[Result "1-0"]
[WhiteElo "2240"]
[BlackElo "1914"]

1. e4 g6 2. Bc4 Bg7 3. Nf3 e6 4. Nc3 Ne7 5. d4 a6 6. Be3 d6 7. Qd2 O-O 8. O-O-O
Nbc6 9. Bh6 f5 10. Bxg7 Kxg7 11. Ng5 d5 12. exd5 Nxd5 13. Bxd5 exd5 14. Qf4 Bd7
15. Nxd5 Rc8 16. h4 Ne7 17. Qe5+ Kh6 18. Nxe7 1-0